[Event "Sydney International Open"]
[Site "Parramatta, NSW"]
[Date "2009.04.16"]
[Round "3.15"]
[White "Lane, Gary"]
[Black "Morris, James"]
[Result "1-0"]
[WhiteElo "2371"]
[BlackElo "2114"]
[PlyCount "55"]
[EventDate "2009.04.15"]
[EventType "swiss"]
[EventRounds "9"]
[EventCountry "AUS"]
[SourceDate "2009.04.15"]

1. e4 c5 2. Nf3 e6 3. d4 cxd4 4. Nxd4 a6 5. Bd3 Qc7 6. O-O Nf6 7. c4 b6 8. Qe2
d6 9. f4 Nbd7 10. Nc3 Bb7 11. Bd2 Be7 12. Rae1 O-O 13. Kh1 Rfd8 14. b3 Nc5 15.
Bc2 b5 16. b4 Ncd7 17. cxb5 d5 18. e5 Ne4 19. Nxe4 dxe4 20. Nc6 Bxc6 21. bxc6
Nb6 22. Bxe4 Nd5 23. f5 exf5 24. Bxf5 g6 25. Bd7 Nxb4 26. Qc4 Nxc6 27. Qxf7+
Kh8 28. Bh6 1-0

[Event "Sydney International Open"]
[Site "Parramatta, NSW"]
[Date "2009.04.16"]
[Round "3.16"]
[White "Brown, Andrew"]
[Black "Bjelobrk, Igor"]
[Result "1-0"]
[WhiteElo "2085"]
[BlackElo "2332"]
[PlyCount "85"]
[EventDate "2009.04.15"]
[EventType "swiss"]
[EventRounds "9"]
[EventCountry "AUS"]
[SourceDate "2009.04.15"]

1. d4 f5 2. e4 fxe4 3. Nc3 Nf6 4. Bg5 Nc6 5. f3 e3 6. d5 Ne5 7. Bxe3 c6 8. h3
cxd5 9. Nxd5 Qa5+ 10. Nc3 e6 11. a3 Nd5 12. Bd2 Be7 13. Qe2 Nc6 14. Nxd5 Qxd5
15. Qe4 Qxe4+ 16. fxe4 Bh4+ 17. Kd1 Ne5 18. Be2 O-O 19. Bb4 Rf4 20. Nf3 Rxe4
21. Bd3 Nxd3 22. cxd3 Rf4 23. Bd2 Ra4 24. Nxh4 Rxh4 25. g4 b6 26. Bg5 Bb7 27.
Rh2 Rh6 28. Bxh6 gxh6 29. Rf2 a5 30. Kd2 Rf8 31. Raf1 Rxf2+ 32. Rxf2 a4 33. Ke3
Kg7 34. Kd4 Bc6 35. Ke5 Bb5 36. Rf4 Bc6 37. h4 b5 38. h5 Kg8 39. Kd6 Kg7 40. d4
Kg8 41. Ke7 Kg7 42. Rf7+ Kg8 43. Kf6 1-0

[Event "Sydney International Open"]
[Site "Parramatta, NSW"]
[Date "2009.04.16"]
[Round "3.17"]
[White "Solomon, Stephen"]
[Black "Cheng, Bobby Sky"]
[Result "1/2-1/2"]
[WhiteElo "2455"]
[BlackElo "2103"]
[PlyCount "129"]
[EventDate "2009.04.15"]
[EventType "swiss"]
[EventRounds "9"]
[EventCountry "AUS"]
[SourceDate "2009.04.15"]

1. e4 c5 2. Nf3 e6 3. Nc3 a6 4. g3 Qc7 5. Bg2 b5 6. O-O Bb7 7. Re1 d6 8. b3 Nf6
9. d3 g6 10. Bb2 Bg7 11. e5 dxe5 12. Nxe5 O-O 13. a4 Bxg2 14. Kxg2 Nbd7 15.
Nxd7 Qc6+ 16. Ne4 Nxd7 17. Qf3 e5 18. axb5 axb5 19. Rxa8 Qxa8 20. Ra1 Qc6 21.
Nc3 Qxf3+ 22. Kxf3 c4 23. Ra7 Rd8 24. dxc4 bxc4 25. bxc4 e4+ 26. Kxe4 Re8+ 27.
Kd5 Rd8 28. Na4 Nb6+ 29. Kc6 Nxc4 30. Bxg7 Kxg7 31. Nb6 Ne5+ 32. Kb5 Rd2 33. f4
Nf3 34. c4 Nd4+ 35. Kc5 Ne6+ 36. Kc6 Nd8+ 37. Kc7 Ne6+ 38. Kc8 Rxh2 39. Nd7 Rd2
40. Ne5 Rd8+ 41. Kb7 Rd6 42. Ra3 h5 43. Rc3 Nc5+ 44. Kc7 Rd4 45. Nf3 Re4 46.
Ng5 Rd4 47. Kc6 Na4 48. Rc2 Rd3 49. Ra2 Nc3 50. Ra7 Rxg3 51. Rxf7+ Kg8 52. Rf6
Kg7 53. Rf7+ Kg8 54. Rb7 h4 55. Kd6 h3 56. Rb8+ Kg7 57. Rb7+ Kg8 58. Rb2 Na4
59. Rb8+ Kg7 60. Rb7+ Kg8 61. Ke5 h2 62. Kf6 Rxg5 63. Rb8+ Kh7 64. Rb7+ Kg8 65.
Rb8+ 1/2-1/2

[Event "Sydney International Open"]
[Site "Parramatta, NSW"]
[Date "2009.04.16"]
[Round "3.18"]
[White "Steadman, Michael"]
[Black "Yuan, Yi"]
[Result "1/2-1/2"]
[WhiteElo "2265"]
[BlackElo "2010"]
[PlyCount "85"]
[EventDate "2009.04.15"]
[EventType "swiss"]
[EventRounds "9"]
[EventCountry "AUS"]
[SourceDate "2009.04.15"]

1. d4 Nf6 2. c4 g6 3. Nc3 Bg7 4. e4 d6 5. Bd3 O-O 6. Nge2 c5 7. d5 e6 8. O-O
exd5 9. cxd5 Re8 10. Ng3 b6 11. Re1 Nfd7 12. f4 Ba6 13. Be3 Nf6 14. Bxa6 Nxa6
15. Qf3 Nb4 16. Re2 h5 17. h3 Nd7 18. Rd1 c4 19. Nb5 Nc5 20. Bd4 Nbd3 21. Bxg7
Kxg7 22. b3 h4 23. Nh1 a6 24. Na3 Qf6 25. Nxc4 Nxf4 26. Re3 g5 27. Nxb6 Rad8
28. Nc4 Rd7 29. Nf2 Rde7 30. Ng4 Qg6 31. e5 dxe5 32. Ngxe5 Qc2 33. d6 Re6 34.
b4 Nd7 35. Rde1 Nxe5 36. Nxe5 Rxd6 37. Ng4 Rxe3 38. Nxe3 Qg6 39. Ng4 Qd3 40.
Qf2 Qd2 41. a3 Rd3 42. Qxd2 Rxd2 43. Nf2 1/2-1/2

[Event "Sydney International Open"]
[Site "Parramatta, NSW"]
[Date "2009.04.16"]
[Round "3.19"]
[White "Voon, Richard"]
[Black "Dragicevic, Domagoj"]
[Result "0-1"]
[WhiteElo "2006"]
[BlackElo "2251"]
[PlyCount "138"]
[EventDate "2009.04.15"]
[EventType "swiss"]
[EventRounds "9"]
[EventCountry "AUS"]
[SourceDate "2009.04.15"]

1. d4 d6 2. c4 Nd7 3. Nf3 Ngf6 4. Nc3 e5 5. g3 g6 6. Bg2 Bg7 7. O-O O-O 8. b3
Re8 9. d5 a5 10. Bb2 e4 11. Nd4 e3 12. f4 Nc5 13. a3 Ng4 14. Ncb5 Nf2 15. Qc2
Nce4 16. Bxe4 Nxe4 17. Ra2 Bh3 18. Rfa1 Qd7 19. Nf3 Bxb2 20. Qxb2 Qg4 21. Kh1
Rac8 22. Qd4 h5 23. Nc3 Nc5 24. Rb2 Ra8 25. Rg1 Qf5 26. Ng5 Bg4 27. b4 axb4 28.
axb4 Na4 29. Nxa4 Rxa4 30. Kg2 f6 31. h3 fxg5 32. hxg4 Qxg4 33. Qf6 gxf4 34.
Qxf4 Qxf4 35. gxf4 Re4 36. Kf3 Rxc4 37. Rxg6+ Kf7 38. Rh6 Ra1 39. Rxh5 Rf1+ 40.
Kxe3 Rfxf4 41. Rb1 Kg6 42. Rh8 Rxb4 43. Rg1+ Rg4 44. Rg8+ Kf5 45. R1xg4 Rxg4
46. Re8 Rc4 47. Kd3 b5 48. e3 Kf6 49. e4 Kf7 50. Rb8 Rc5 51. Kd4 Ke7 52. Rb7
Kd7 53. Rb8 Ke7 54. Kd3 Kd7 55. Kd4 Rc4+ 56. Kd3 Rb4 57. Ke3 Rb1 58. Kd2 Ke7
59. Kc2 Re1 60. Kd3 Rd1+ 61. Ke2 Rb1 62. Kd2 Kf6 63. Kc2 Re1 64. Kd3 Rd1+ 65.
Ke2 Rb1 66. Ke3 b4 67. Kd4 b3 68. Re8 Kf7 69. Re6 Rc1 0-1

[Event "Sydney International Open"]
[Site "Parramatta, NSW"]
[Date "2009.04.16"]
[Round "3.20"]
[White "Cunanan, Kimberly Jane"]
[Black "Illingworth, Max"]
[Result "0-1"]
[WhiteElo "1991"]
[BlackElo "2243"]
[PlyCount "70"]
[EventDate "2009.04.15"]
[EventType "swiss"]
[EventRounds "9"]
[EventCountry "AUS"]
[SourceDate "2009.04.15"]

1. c4 e5 2. g3 c6 3. Bg2 Nf6 4. Nc3 d5 5. cxd5 cxd5 6. d3 d4 7. Ne4 Nxe4 8.
Bxe4 Bd6 9. Bd2 O-O 10. Qb3 Na6 11. Qb5 Nc5 12. Bg2 Bd7 13. Qa5 Qxa5 14. Bxa5
Rab8 15. Bd2 b5 16. Nf3 b4 17. b3 a5 18. O-O a4 19. bxa4 Nxa4 20. e3 Nc3 21.
Rfe1 dxe3 22. Bxe3 Be6 23. Bd2 Nxa2 24. Nxe5 Bxe5 25. Rxe5 b3 26. Re2 Rfc8 27.
Rb1 Rc2 28. Be4 Nc3 29. Bxc3 Rxe2 30. Kf1 Rc2 31. Be5 Rbc8 32. Bb2 f5 33. Bb7
R8c7 34. Ba8 Rxb2 35. Rxb2 Rc2 (35... Rc2 36. Rb1 b2 37. Kg2 Ba2) 0-1

[Event "Sydney International Open"]
[Site "Parramatta, NSW"]
[Date "2009.04.16"]
[Round "3.21"]
[White "Davis, Tony"]
[Black "Minor, Samuel"]
[Result "0-1"]
[WhiteElo "1983"]
[BlackElo "2216"]
[PlyCount "40"]
[EventDate "2009.04.15"]
[EventType "swiss"]
[EventRounds "9"]
[EventCountry "AUS"]
[SourceDate "2009.04.15"]

1. d4 f5 2. Bg5 h6 3. Bf4 Nf6 4. Nc3 e6 5. e4 fxe4 6. f3 d5 7. fxe4 dxe4 8. Be5
Bb4 9. Qe2 Nc6 10. O-O-O Bxc3 11. bxc3 Bd7 12. Nh3 Qe7 13. Bxf6 gxf6 14. Qxe4
Qa3+ 15. Kb1 O-O-O 16. Rd3 e5 17. d5 Ne7 18. c4 Qa4 19. Qe3 Nf5 20. Ra3 Nxe3
0-1

[Event "Sydney International Open"]
[Site "Parramatta, NSW"]
[Date "2009.04.16"]
[Round "3.23"]
[White "Zulfic, Fedja"]
[Black "Oliver, Gareth"]
[Result "1-0"]
[WhiteElo "1971"]
[BlackElo "2187"]
[PlyCount "115"]
[EventDate "2009.04.15"]
[EventType "swiss"]
[EventRounds "9"]
[EventCountry "AUS"]
[SourceDate "2009.04.15"]

1. d4 Nf6 2. c4 g6 3. Nc3 Bg7 4. e4 d6 5. Nf3 O-O 6. Be3 Ng4 7. Bg5 h6 8. Bh4
f5 9. h3 g5 10. hxg4 fxg4 11. Nxg5 Qe8 12. Be2 Qg6 13. Bxg4 hxg5 14. Bxc8 Rxc8
15. Qg4 Nc6 16. Qxg5 Qf7 17. Nd5 Rf8 18. O-O-O e6 19. Nc3 a6 20. Rd3 Qf4+ 21.
Qxf4 Rxf4 22. Bg3 Rg4 23. d5 Na5 24. b3 b5 25. cxb5 axb5 26. dxe6 Nxb3+ 27.
axb3 Bxc3 28. Rxc3 Ra1+ 29. Kb2 Rxh1 30. Rxc7 Rxe4 31. e7 Rh6 32. Rd7 b4 33.
Kc2 d5 34. Bd6 Kf7 35. Rd8 Rf6 36. Rf8+ Kg7 37. e8=Q Rxe8 38. Rxe8 Rxd6 39. Rb8
Rf6 40. f3 Rf4 41. Kd3 Kf7 42. Ke3 Rh4 43. g4 Ke6 44. Rxb4 Ke5 45. Rf4 Rh1 46.
Rf5+ Ke6 47. f4 Rb1 48. Re5+ Kd6 49. Kd4 Rd1+ 50. Kc3 Rf1 51. Rf5 Rf3+ 52. Kc2
Kc5 53. g5 Kd4 54. g6 Rf2+ 55. Kd1 Ke4 56. g7 Kxf5 57. g8=Q Kxf4 58. Qxd5 1-0

[Event "Sydney International Open"]
[Site "Parramatta, NSW"]
[Date "2009.04.16"]
[Round "3.24"]
[White "Schon, Eugene"]
[Black "Muller, Jonas"]
[Result "1-0"]
[WhiteElo "2186"]
[BlackElo "1981"]
[PlyCount "65"]
[EventDate "2009.04.15"]
[EventType "swiss"]
[EventRounds "9"]
[EventCountry "AUS"]
[SourceDate "2009.04.15"]

1. e4 c5 2. Nf3 Nc6 3. d4 cxd4 4. Nxd4 Nf6 5. Nc3 e5 6. Ndb5 d6 7. Bg5 a6 8.
Na3 b5 9. Nd5 Be7 10. Bxf6 Bxf6 11. c3 O-O 12. Nc2 Bg5 13. a4 bxa4 14. Rxa4 a5
15. Bc4 Rb8 16. b3 Kh8 17. Nce3 g6 18. h4 Bxh4 19. g3 Bg5 20. f4 exf4 21. gxf4
Bf6 22. Ra2 Kg7 23. Rah2 Rh8 24. Qe2 Be6 25. Rh6 Kg8 26. Qh2 Bg7 27. Rxh7 Rxh7
28. Qxh7+ Kf8 29. Kd2 Rc8 30. Nf5 gxf5 31. Rg1 Bxd5 32. Qxg7+ Ke8 33. exd5 1-0

[Event "Sydney International Open"]
[Site "Parramatta, NSW"]
[Date "2009.04.16"]
[Round "3.25"]
[White "Forster, Bill"]
[Black "Setiawan, Akwie"]
[Result "0-1"]
[WhiteElo "1963"]
[BlackElo "2185"]
[PlyCount "48"]
[EventDate "2009.04.15"]
[EventType "swiss"]
[EventRounds "9"]
[EventCountry "AUS"]
[SourceDate "2009.04.15"]

1. e4 e6 2. Qe2 b6 3. g3 Bb7 4. Bg2 f5 5. f3 Qf6 6. Nh3 Bc5 7. c3 e5 8. d3 Ne7
9. Be3 O-O 10. O-O Bxe3+ 11. Qxe3 f4 12. gxf4 exf4 13. Qd2 d5 14. Na3 Nd7 15.
Kh1 Ba6 16. Rg1 Qh4 17. Ng5 Ne5 18. Bh3 Bxd3 19. Be6+ Kh8 20. exd5 h6 21. Rae1
N7g6 22. Nf7+ Rxf7 23. Bxf7 Nxf3 24. Qg2 Nxe1 0-1

[Event "Sydney International Open"]
[Site "Parramatta, NSW"]
[Date "2009.04.16"]
[Round "3.26"]
[White "Charles, Gareth"]
[Black "Rosario, Amiel"]
[Result "1-0"]
[WhiteElo "2160"]
[BlackElo "1969"]
[PlyCount "83"]
[EventDate "2009.04.15"]
[EventType "swiss"]
[EventRounds "9"]
[EventCountry "AUS"]
[SourceDate "2009.04.15"]

1. d4 Nf6 2. c4 g6 3. Nc3 Bg7 4. e4 d6 5. Be2 O-O 6. Bg5 h6 7. Be3 c6 8. Qd2
Kh7 9. h4 e5 10. d5 Na6 11. h5 g5 12. f3 Qa5 13. g4 cxd5 14. cxd5 Nc5 15. Rb1
Qb4 16. a3 Qb3 17. Nh3 b5 18. Bxg5 b4 19. axb4 Qxb4 20. Be3 Nb3 21. Qd1 Nd4 22.
Kf2 a5 23. g5 Nxh5 24. gxh6 Bf6 25. Ng5+ Bxg5 26. Bxg5 Nf4 27. Bxf4 exf4 28.
Bd3 f5 29. Ne2 Nxe2 30. Qxe2 Qd4+ 31. Ke1 Rb8 32. Qd2 Rb3 33. Be2 Qxd2+ 34.
Kxd2 fxe4 35. fxe4 f3 36. Bc4 Rb6 37. Bd3 Ba6 38. Bxa6 Rxa6 39. Ke3 Rb6 40. Kf2
Rb3 41. Rhg1 Kxh6 42. Rg3 1-0

[Event "Sydney International Open"]
[Site "Parramatta, NSW"]
[Date "2009.04.16"]
[Round "3.28"]
[White "Lee, Bryan"]
[Black "Broekhuyse, Paul"]
[Result "1/2-1/2"]
[WhiteElo "1918"]
[BlackElo "2118"]
[PlyCount "57"]
[EventDate "2009.04.15"]
[EventType "swiss"]
[EventRounds "9"]
[EventCountry "AUS"]
[SourceDate "2009.04.15"]

1. e4 c5 2. Nf3 Nc6 3. d4 cxd4 4. Nxd4 Nf6 5. Nc3 d6 6. Be2 g6 7. O-O Bg7 8.
Be3 O-O 9. Kh1 Bd7 10. Nb3 a5 11. a4 Nb4 12. f4 Bc6 13. Bf3 d5 14. exd5 Nfxd5
15. Nxd5 Nxd5 16. Bd4 Rc8 17. Bxg7 Kxg7 18. Qd4+ Nf6 19. c3 Bxf3 20. Rxf3 Qc7
21. Qe5 b6 22. Qxc7 Rxc7 23. Rd3 Rc4 24. g3 Re4 25. Nd2 Re2 26. Nc4 Ne4 27. Re3
Nf2+ 28. Kg1 Rc2 29. Rae1 1/2-1/2

[Event "Sydney International Open"]
[Site "Parramatta, NSW"]
[Date "2009.04.16"]
[Round "3.29"]
[White "McNamara, Gary"]
[Black "Lau, Joshua"]
[Result "1-0"]
[WhiteElo "2114"]
[BlackElo "1862"]
[PlyCount "163"]
[EventDate "2009.04.15"]
[EventType "swiss"]
[EventRounds "9"]
[EventCountry "AUS"]
[SourceDate "2009.04.15"]

1. e4 c5 2. Nf3 d6 3. c3 Nf6 4. Be2 Nc6 5. d4 cxd4 6. cxd4 g6 7. O-O Bg7 8. Nc3
O-O 9. h3 Bd7 10. Be3 Rc8 11. Nd2 Ne8 12. Nb3 f5 13. f3 f4 14. Bf2 Nf6 15. e5
Nh5 16. e6 Be8 17. d5 Ne5 18. a4 Ng3 19. Bxa7 Nxf1 20. Qxf1 g5 21. a5 Bg6 22.
Bb6 Qe8 23. Bb5 Nc6 24. a6 bxa6 25. Rxa6 Bd3 26. Qxd3 Ne5 27. Qe4 Qh5 28. Bc6
Rf6 29. Nd4 Qh4 30. Nf5 Rxf5 31. Bf2 Nxf3+ 32. Qxf3 Qh6 33. Ra3 Rb8 34. Ra8
Rff8 35. Rxb8 Rxb8 36. Qe2 Qg6 37. Be1 Bd4+ 38. Kf1 Qf5 39. Nb5 Bb6 40. Nxd6
Qf6 41. Bc3 Bd4 42. Nb5 Bxc3 43. bxc3 Rd8 44. d6 Kf8 45. d7 Qf5 46. Qe4 Qc5 47.
Qxh7 Qc4+ 48. Kf2 Qxe6 49. Qh8+ Kf7 50. Qh5+ Kf8 51. Nd4 Qe3+ 52. Kf1 Qc1+ 53.
Ke2 Qe3+ 54. Kd1 Qd3+ 55. Kc1 Qxc3+ 56. Nc2 Qxc6 57. Qh8+ Kf7 58. Qxd8 Ke6 59.
Qg8+ Kxd7 60. Qxg5 Qe4 61. Qg4+ Kd6 62. h4 e5 63. h5 Qh7 64. Qg5 Ke6 65. h6 Qf7
66. Qh4 Qh7 67. Kd2 Kf5 68. Qh5+ Ke4 69. g4 fxg3 70. Qg4+ Kd5 71. Ne3+ Kc5 72.
Qc4+ Kb6 73. Nd5+ Kb7 74. Qb5+ Kc8 75. Qc6+ Kb8 76. Qb6+ Kc8 77. Qe6+ Kb7 78.
Ne3 Ka7 79. Ke2 e4 80. Qf6 Kb8 81. Qf8+ Kc7 82. Qg7+ 1-0

[Event "Sydney International Open"]
[Site "Parramatta, NSW"]
[Date "2009.04.16"]
[Round "3.30"]
[White "Setiabudi, Allen"]
[Black "Stead, Kerry"]
[Result "0-1"]
[WhiteElo "1843"]
[BlackElo "2087"]
[PlyCount "110"]
[EventDate "2009.04.15"]
[EventType "swiss"]
[EventRounds "9"]
[EventCountry "AUS"]
[SourceDate "2009.04.15"]

1. e4 g6 2. d4 Bg7 3. c4 c5 4. Nf3 cxd4 5. Nxd4 Nc6 6. Nxc6 bxc6 7. Nc3 Rb8 8.
Qc2 d6 9. Be2 Be6 10. O-O Nf6 11. Be3 Qa5 12. f3 O-O 13. Rac1 Nd7 14. Rfd1 Bxc3
15. bxc3 c5 16. Bh6 Rfd8 17. f4 Nb6 18. f5 Bxc4 19. fxg6 hxg6 20. h4 Qxa2 21.
Qxa2 Bxa2 22. c4 Nd7 23. h5 Rb7 24. Kf1 Ne5 25. hxg6 Nxg6 26. Rd3 Rdb8 27. Rcc3
Rb3 28. Rxb3 Rxb3 29. Rd2 Bb1 30. Bh5 Kh7 31. Bg5 f6 32. Bxg6+ Kxg6 33. Bh4
Bxe4 34. Ra2 Rb7 35. Kf2 Bd3 36. Ra4 Bc2 37. Ra3 Bb3 38. Kf3 Bxc4 39. Bf2 Rb3+
40. Rxb3 Bxb3 41. Ke4 f5+ 42. Kd3 Bd5 43. g3 Kg5 44. Be1 e5 45. Ke3 f4+ 46.
gxf4+ exf4+ 47. Kf2 Kf5 48. Ba5 Bf7 49. Bc7 d5 50. Bd6 c4 51. Bb4 Ke4 52. Ke2
d4 53. Bc5 a5 54. Kd2 a4 55. Ke2 c3 0-1

[Event "Sydney International Open"]
[Site "Parramatta, NSW"]
[Date "2009.04.16"]
[Round "3.31"]
[White "Nakauchi, Gene"]
[Black "Yu, Sally"]
[Result "1-0"]
[WhiteElo "2076"]
[BlackElo "1819"]
[PlyCount "123"]
[EventDate "2009.04.15"]
[EventType "swiss"]
[EventRounds "9"]
[EventCountry "AUS"]
[SourceDate "2009.04.15"]

1. d4 d5 2. c4 e6 3. Nc3 Nf6 4. Bg5 Nbd7 5. Nf3 c6 6. e3 Qa5 7. Nd2 dxc4 8.
Bxf6 Nxf6 9. Nxc4 Qc7 10. Be2 Be7 11. O-O O-O 12. Rc1 b6 13. Ne5 a6 14. Nxc6
Bd6 15. f4 Bb7 16. Ne5 Qe7 17. Na4 Nd5 18. Qb3 Rab8 19. Bf3 Qe8 20. Rfe1 Be7
21. Nc3 Nxc3 22. Bxb7 Nxa2 23. Qxa2 Rxb7 24. Qxa6 Qa8 25. Ra1 Qxa6 26. Rxa6 Rc8
27. Rea1 f6 28. Ra8 Rbc7 29. Nd7 b5 30. Nb6 Rxa8 31. Rxa8+ Kf7 32. Rc8 Ra7 33.
d5 Ra1+ 34. Kf2 Ra2 35. Rc7 Rxb2+ 36. Kf3 Ke8 37. dxe6 Bd8 38. Rb7 Bxb6 39.
Rxb6 Ke7 40. f5 b4 41. Rb7+ Kf8 42. h4 b3 43. Rb8+ Ke7 44. Rg8 g6 45. Rg7+ Ke8
46. fxg6 hxg6 47. Rxg6 Rb1 48. Rg8+ Ke7 49. Rb8 Kxe6 50. g4 b2 51. Kg2 Kf7 52.
e4 Kg7 53. Rb7+ Kg6 54. Rb6 Kf7 55. h5 Kg7 56. e5 fxe5 57. g5 e4 58. h6+ Kf8
59. Rb8+ Kf7 60. h7 e3 61. h8=Q e2 62. Qf6# 1-0

[Event "Sydney International Open"]
[Site "Parramatta, NSW"]
[Date "2009.04.16"]
[Round "3.32"]
[White "Zibaei, Abdoulla"]
[Black "Lester, George"]
[Result "1-0"]
[WhiteElo "2067"]
[BlackElo "1801"]
[PlyCount "57"]
[EventDate "2009.04.15"]
[EventType "swiss"]
[EventRounds "9"]
[EventCountry "AUS"]
[SourceDate "2009.04.15"]

1. e4 e6 2. d4 d5 3. Nc3 Bb4 4. e5 c5 5. a3 Bxc3+ 6. bxc3 Ne7 7. Qg4 Qc7 8.
Qxg7 Rg8 9. Qxh7 cxd4 10. Ne2 Nbc6 11. f4 Bd7 12. Qd3 dxc3 13. h3 Na5 14. g4
Nc4 15. Rb1 O-O-O 16. Nxc3 Qc5 17. Rb2 Bc6 18. Rh2 Rdf8 19. Rf2 b5 20. Ne2 f6
21. exf6 Rxf6 22. Qd4 Qxd4 23. Nxd4 a6 24. g5 Rff8 25. Nxe6 Re8 26. Kd1 Nf5 27.
Nc5 Nfe3+ 28. Bxe3 Nxe3+ 29. Kd2 1-0

[Event "Sydney International Open"]
[Site "Parramatta, NSW"]
[Date "2009.04.16"]
[Round "3.33"]
[White "Anton, Sarah"]
[Black "Safarian, Alek"]
[Result "0-1"]
[WhiteElo "1718"]
[BlackElo "2061"]
[PlyCount "66"]
[EventDate "2009.04.15"]
[EventType "swiss"]
[EventRounds "9"]
[EventCountry "AUS"]
[SourceDate "2009.04.15"]

1. e4 d6 2. d4 g6 3. Bd3 Bg7 4. Nf3 c5 5. Be3 Nc6 6. Be2 (6. c3 Nf6 7. h3) 6...
Nf6 7. Nc3 Ng4 8. Qd2 Nxe3 9. fxe3 O-O 10. O-O-O Qa5 11. a3 a6 12. Nd5 Qxd2+
13. Rxd2 cxd4 14. exd4 Bh6 15. Rhd1 f5 16. e5 dxe5 17. Nxe5 Nxd4 18. Bc4 e6 19.
Nb6 Rb8 20. Kb1 Bxd2 21. Rxd2 Nc6 22. Nxc6 bxc6 23. Nxc8 Rbxc8 24. Bxe6+ Kg7
25. Bxc8 Rxc8 26. g3 (26. Rd7+ Kh6 27. Ra7 (27. Kc1 Re8 28. Kd2)) 26... Kf6 27.
c4 g5 28. Kc2 f4 29. Rf2 Kf5 30. Kd3 Kg4 31. gxf4 gxf4 32. Kd4 (32. Ke2 Re8+
33. Kf1 Re3) 32... f3 33. Rf1 Kf4 0-1

[Event "Sydney International Open"]
[Site "Parramatta, NSW"]
[Date "2009.04.16"]
[Round "3.34"]
[White "Ousmand, Vineths"]
[Black "Bennett, Hilton"]
[Result "0-1"]
[WhiteElo "1331"]
[BlackElo "2028"]
[PlyCount "82"]
[EventDate "2009.04.15"]
[EventType "swiss"]
[EventRounds "9"]
[EventCountry "AUS"]
[SourceDate "2009.04.15"]

1. d4 Nf6 2. Bg5 e6 3. e4 c5 4. e5 h6 5. Bxh6 Rxh6 6. exf6 Qxf6 7. Nf3 Nc6 8.
c3 d5 9. Na3 Bd7 10. Qd2 Bd6 11. dxc5 Bxc5 12. Nb5 O-O-O 13. O-O-O a6 14. Nbd4
Bd6 15. Kb1 e5 16. Nxc6 Bxc6 17. h3 Rhh8 18. Qe3 Qe7 19. Qg5 f6 20. Qe3 Bc5 21.
Qd2 Ba4 22. b3 Bd7 23. Ka1 Bf5 24. Ne1 d4 25. Nd3 Bb6 26. Rc1 Kb8 27. cxd4
Bxd4+ 28. Nb2 Bb6 29. Qc3 Rc8 30. Bc4 Bd4 31. Qf3 Qa3 32. Qe2 Rc7 33. g4 Bg6
34. Rcd1 Be4 35. Rh2 Bf3 36. Qd2 Bxd1 37. Kb1 Bf3 38. Nd3 Rxc4 39. h4 Be4 40.
Rh3 Rc3 41. Qe2 Rc1# 0-1

[Event "Sydney International Open"]
[Site "Parramatta, NSW"]
[Date "2009.04.16"]
[Round "3.37"]
[White "Siddiqi, Shan"]
[Black "Descallar, Levi"]
[Result "0-1"]
[WhiteElo "1683"]
[BlackElo "1984"]
[PlyCount "95"]
[EventDate "2009.04.15"]
[EventType "swiss"]
[EventRounds "9"]
[EventCountry "AUS"]
[SourceDate "2009.04.15"]

1. e4 c6 2. Nc3 d5 3. d4 dxe4 4. Nxe4 Bf5 5. Ng3 Bg6 6. Nf3 Nd7 7. Bd3 e6 8.
O-O Ngf6 9. Re1 Be7 10. Bg5 O-O 11. c4 Re8 12. Bxg6 hxg6 13. Qb3 Qb6 14. Ne4
Qxb3 15. axb3 a6 16. Nxf6+ Bxf6 17. Rad1 Nb6 18. Bxf6 gxf6 19. Nd2 Red8 20. Ne4
Kg7 21. c5 Nd5 22. Nd6 Rd7 23. Re4 Rad8 24. Rd3 Rh8 25. Rh3 Rxh3 26. gxh3 f5
27. Rh4 Nf6 28. Rf4 g5 29. Rf3 Ne4 30. Nxe4 fxe4 31. Rg3 Kf6 32. f3 e3 33. Rg4
Rd5 34. Kf1 e5 35. dxe5+ Rxe5 36. Ke2 Rxc5 37. Rc4 Rxc4 38. bxc4 b6 39. b3 a5
40. Kxe3 Ke5 41. f4+ gxf4+ 42. Kf3 Kf5 43. h4 b5 44. cxb5 cxb5 45. h5 Kg5 46.
h6 Kxh6 47. Kxf4 a4 48. Ke3 0-1

[Event "Sydney International Open"]
[Site "Parramatta, NSW"]
[Date "2009.04.16"]
[Round "3.38"]
[White "McKenzie, Mark"]
[Black "Holland, Dennis"]
[Result "0-1"]
[WhiteElo "1203"]
[BlackElo "1963"]
[PlyCount "126"]
[EventDate "2009.04.15"]
[EventType "swiss"]
[EventRounds "9"]
[EventCountry "AUS"]
[SourceDate "2009.04.15"]

1. d4 d5 2. c4 e6 3. Nc3 Nf6 4. a3 c6 5. c5 Qc7 6. Nf3 Nbd7 7. Bg5 Be7 8. Bh4
b6 9. Bg3 Qd8 10. b4 bxc5 11. bxc5 Qa5 12. Qd2 Ba6 13. Nb1 Bd8 14. Qxa5 Bxa5+
15. Nbd2 Ne4 16. e3 Bxf1 17. Rxf1 g5 18. h3 h5 19. Rh1 Rg8 20. O-O-O Nxg3 21.
fxg3 Rb8 22. g4 h4 23. Kc2 Ke7 24. Rb1 f6 25. Rxb8 Rxb8 26. Nb3 Bc7 27. Nfd2 e5
28. Re1 e4 29. Nb1 Rf8 30. Rf1 Ke6 31. Rf5 Rf7 32. a4 Nf8 33. Kb2 Ng6 34. Rf1
Ne7 35. Ka3 a5 36. Nc3 f5 37. Nd1 f4 38. Nc1 fxe3 39. Rxf7 Kxf7 40. Ne2 Ng6 41.
Nxe3 Nf4 42. Nc3 Nd3 43. Ne2 Bf4 44. Nxf4 gxf4 45. Nf5 e3 46. Nxh4 e2 47. Nf3
e1=Q 48. Nxe1 Nxe1 49. Kb3 Nxg2 50. Kc3 Kf6 51. Kd3 Kg5 52. Ke2 Nh4 53. Kf2 f3
54. Kg3 Kg6 55. Kf2 Kf6 56. Kg3 Kg5 57. Kf2 Kf4 58. g5 Kxg5 59. Ke3 Kf5 60. Kf2
Kf4 61. Kf1 Kg3 62. Kg1 f2+ 63. Kf1 Nf5 0-1

[Event "Sydney International Open"]
[Site "Parramatta, NSW"]
[Date "2009.04.16"]
[Round "3.39"]
[White "Grigg, Sam"]
[Black "Guo, Emma"]
[Result "0-1"]
[WhiteElo "1927"]
[BlackElo "1845"]
[PlyCount "40"]
[EventDate "2009.04.15"]
[EventType "swiss"]
[EventRounds "9"]
[EventCountry "AUS"]
[SourceDate "2009.04.15"]

1. c4 e5 2. Nc3 d6 3. g3 f5 4. Bg2 c6 5. d3 Nf6 6. Nf3 Be7 7. O-O O-O 8. h3 Qe8
9. e4 Qh5 10. Nh4 f4 11. Qf3 g5 12. Nf5 Bxf5 13. exf5 g4 14. hxg4 Nxg4 15. Re1
fxg3 16. Ne4 Rxf5 17. Qxg3 Bh4 18. Qh3 Nxf2 19. Qh2 Nxe4 20. dxe4 Bf2+ 0-1

[Event "Sydney International Open"]
[Site "Parramatta, NSW"]
[Date "2009.04.16"]
[Round "3.40"]
[White "Ruan, Jack"]
[Black "Wan, Kinto"]
[Result "1-0"]
[WhiteElo "1886"]
[BlackElo "1402"]
[PlyCount "71"]
[EventDate "2009.04.15"]
[EventType "swiss"]
[EventRounds "9"]
[EventCountry "AUS"]
[SourceDate "2009.04.15"]

1. d4 Nf6 2. c4 e5 3. dxe5 Ng4 4. Nf3 Bc5 5. e3 Nc6 6. Be2 Ngxe5 7. O-O O-O 8.
Nxe5 Nxe5 9. Nc3 d6 10. b3 Re8 11. Bb2 c6 12. Na4 Bb4 13. Qd4 Qc7 14. Rad1 f6
15. a3 Ba5 16. Qxd6 Qxd6 17. Rxd6 Bf5 18. b4 Bc7 19. Rd2 Rad8 20. Rfd1 Rxd2 21.
Rxd2 b6 22. Bc3 Re7 23. h3 Rd7 24. Rxd7 Nxd7 25. f4 g5 26. Bd2 Nf8 27. Bf3 Bd7
28. c5 Ng6 29. g3 Kf8 30. Kg2 h6 31. Bc3 Ke7 32. Bd4 b5 33. Nc3 a6 34. Ne2 a5
35. Bc3 gxf4 36. exf4 1-0